000 00293nam a2200145Ia 4500
100 _aBelford/G.G/ Liu/C.L
942 _cBK
654 _aPascal
245 _aPascal
260 _bMcGraw Hill
_aNew York
_c1986
082 _a1.6
_bBel/Liu
300 _a333
546 _aENGLISH
999 _c24330
_d24330